Mot - Rsubite - Statistiques

Statistiques générales
  • Ce quiz a été pris 16 945 fois
  • Le résultat moyen est 6 sur 12
Answers on the Grid
Answers color-coded by a green-red scale on the quiz's grid according to % correct below.
Gargantuesque
Callipyge
Rubicond
Sélénite
Aglet
Diurne
Anaphore
Synecdoque
Lacune
Sémaphore
Nyctalope
Chryséléphantin
Florisser
Brumelage
Oxyphore
Némascible
Tétraphore
Hypoplégique
Avalqueu
Bitacide
Valvenir
Inasuçable
 
Statistiques - réponses
Réponse % Correct
Lacune
72%
Anaphore
69%
Gargantuesque
68%
Diurne
63%
Nyctalope
62%
Sémaphore
44%
Rubicond
41%
Callipyge
40%
Synecdoque
38%
Sélénite
33%
Chryséléphantin
18%
Aglet
13%
Aucun quiz correspondant
Distribution des résultats
% des personnes avec chaque résultat
Percentile par nombre de réponses
Votre historique - résultats
Vous n’avez pas pris ce quiz